000 00264nam a2200109Ia 4500
008 190914s9999||||xx |||||||||||||| ||und||
100 _aHarrison, John
245 0 _aFoundations in Strategic Management
260 _aUSA
_bAddison
_c2002
300 _a452
942 _cBK
999 _c8460
_d8460